000 00642nam a2200181Ia 4500
008 240729s9999 xx 000 0 und d
022 _a2090-3766
245 0 _aJournal of Soil Sciences and Agricultural Engineering
260 _aEgypt
260 _bMansoura University, Faculty of Agriculture
650 _a Agriculture (General)
650 _a Engineering (General). Civil engineering (General)
650 _a Engineering geology. Rock mechanics. Soil mechanics. Underground construction | Agriculture
650 _aTechnology
856 _uhttps://doaj.org/toc/8c1f3a29ab7f4496ad499389714a168e
942 _2ddc
942 _cDOAJEJ
999 _c74752
_d74752
945 _a1
_bMadushi Gamage
_c1
_dMadushi Gamage